| 000 | 00368cam a2200133 4500500 | ||
|---|---|---|---|
| 005 | 20260329012959.0 | ||
| 041 | _afre | ||
| 042 | _adc | ||
| 245 | 0 | 0 | _aMusique |
| 260 | _c2005. | ||
| 500 | _a2 | ||
| 786 | 0 | _nÉtudes | 402 | 2 | 2005-02-01 | p. 264-266 | 0014-1941 | |
| 856 | 4 | 1 | _uhttps://shs.cairn.info/revue-etudes-2005-2-page-264?lang=fr&redirect-ssocas=7080 |
| 999 |
_c1876123 _d1876123 |
||